|
|
|
|
| LEADER |
02024nam a2200565 4500 |
| 001 |
ocn714797337 |
| 003 |
OCoLC |
| 005 |
20170124071847.9 |
| 006 |
m o d |
| 007 |
cr cnu---unuuu |
| 008 |
110426s2011 gw ob 001 0 eng d |
| 040 |
|
|
|a DG1
|b eng
|e pn
|c DG1
|d DEBSZ
|d YDXCP
|d OCLCQ
|d E7B
|d OCLCQ
|d N$T
|d OCLCQ
|d OCLCF
|d OCLCA
|d CDX
|d OCLCQ
|d IDEBK
|d UKDOC
|d OCLCQ
|d EBLCP
|d EBLB
|d DG1
|d GrThAP
|
| 019 |
|
|
|a 741453996
|a 785775616
|
| 020 |
|
|
|a 9783527634347
|q (electronic bk.)
|
| 020 |
|
|
|a 3527634347
|q (electronic bk.)
|
| 020 |
|
|
|a 9783527634323
|q (electronic bk.)
|
| 020 |
|
|
|a 3527634320
|q (electronic bk.)
|
| 029 |
1 |
|
|a AU@
|b 000047497129
|
| 029 |
1 |
|
|a DEBSZ
|b 346235715
|
| 029 |
1 |
|
|a GBVCP
|b 663081920
|
| 029 |
1 |
|
|a NZ1
|b 14693859
|
| 029 |
1 |
|
|a NZ1
|b 15915994
|
| 035 |
|
|
|a (OCoLC)714797337
|z (OCoLC)741453996
|z (OCoLC)785775616
|
| 050 |
|
4 |
|a QP552.A45
|b L57 2011
|
| 072 |
|
7 |
|a MED
|x 057000
|2 bisacsh
|
| 072 |
|
7 |
|a PSY
|x 020000
|2 bisacsh
|
| 082 |
0 |
4 |
|a 612.8/042
|2 22
|
| 049 |
|
|
|a MAIN
|
| 245 |
0 |
0 |
|a Lipids and cellular membranes in amyloid diseases /
|c edited by Raz Jelinek.
|
| 264 |
|
1 |
|a Weinheim :
|b Wiley-VCH Verlag,
|c [2011]
|
| 264 |
|
4 |
|c ©2011
|
| 300 |
|
|
|a 1 online resource (xvi, 280 pages)
|
| 336 |
|
|
|a text
|b txt
|2 rdacontent
|
| 337 |
|
|
|a computer
|b c
|2 rdamedia
|
| 338 |
|
|
|a online resource
|b cr
|2 rdacarrier
|
| 504 |
|
|
|a Includes bibliographical references and index.
|
| 588 |
0 |
|
|a Print version record.
|
| 650 |
|
0 |
|a Amyloid.
|
| 650 |
|
0 |
|a Amyloidosis.
|
| 650 |
|
0 |
|a Proteins
|x Metabolism
|x Disorders.
|
| 650 |
|
7 |
|a MEDICAL
|x Neuroscience.
|2 bisacsh
|
| 650 |
|
7 |
|a PSYCHOLOGY
|x Neuropsychology.
|2 bisacsh
|
| 650 |
|
7 |
|a Amyloid.
|2 fast
|0 (OCoLC)fst00808151
|
| 650 |
|
7 |
|a Amyloidosis.
|2 fast
|0 (OCoLC)fst00808156
|
| 650 |
|
7 |
|a Proteins
|x Metabolism
|x Disorders.
|2 fast
|0 (OCoLC)fst01079742
|
| 655 |
|
4 |
|a Electronic books.
|
| 700 |
1 |
|
|a Jelinek, Raz.
|
| 710 |
2 |
|
|a Wiley InterScience (Online service)
|
| 856 |
4 |
0 |
|u https://doi.org/10.1002/9783527634323
|z Full Text via HEAL-Link
|
| 994 |
|
|
|a 92
|b DG1
|